00547nam a22001577a 450000500170000001000150001702000260003203500130005803700130007108200150008424501320009926000590023127000600029030000200035050000190037020140207112510.0 aENG-109132 a9788183690263c500.00 aEN-92665 bDBAD/PUB a954.035092 aGandhi, Martin Luther King, non- violence for a peaceful world order / cedited and compiled by Life Span Research Foundation aNew DelhibLife Span Publishers and Distributorsc2010 a215, Nilgiri Apartments, Alakhnanda,bNew Delhie110019 a169p.c22cm(Hb) aIncludes index